000 00679nam a2200229 i 4500
003 DO-SdBNP
005 20230626092101.0
007 taDO-Sd
008 230626b1970 dr a ||| |||| 00| 0 spa d
040 _aDO-SdBNP
_bspa
_cBNPHU
_erda
082 4 _222
100 _969085
_aSerrano C., A. Rafael,
_eautor
245 1 0 _aMotivos infantiles /
_cA. Rafael Serrano C.
264 _aSanto Domingo :
_bLibreria Dominicana,
_c1970.
300 _a41 páginas :
_bilustraciones ;
_c21 cm.
336 _2rdacontent
_atexto
_btxt
337 _2rdamedia
_asin mediación
_bn
338 _0rdacarrier
_2volumen
_anc
590 _aInventariado, 2023/BT
910 _aBtavárez
942 _2ddc
_cLF2
999 _c53940
_d53940